000
00281nam a2200109Ia 4500
008
200302s9999 xx 000 0 und d
100
_a
Oscar Niemyer
245
_a
Eine legende der moderne : A Legend of modernism
260
_b
Birkhauser Verlag Gmbh
260
_c
2013
300
_a
143
999
_c
6213
_d
6213